000 01895nam a2200481 i 4500
001 30705
003 KOSZ 005
005 20200525112658.0
008 980702s1995 pl a f |110 0 pol
015 _aPB 1996/9993
040 _aWA N
_cWA N
_dKOSZ 005/HR
041 0 _apol
_beng
046 _k1995
080 _a624.01/.07
080 _a621.01
080 _a(06)
245 0 0 _aProblemy naukowo-badawcze konstrukcji inżynierskich :
_bsesja naukowa z okazji 70-lecia urodzin profesora Romana Ciesielskiego /
_c[red. nauk. Janusz Kawecki].
260 _aKraków :
_bPK,
_c1995.
300 _a375 s., [1] k. tabl. kolor. :
_bfot., 1 portr., rys., wykr. ;
_c24 cm.
336 _2rdacontent
_aTekst
_btxt
337 _2rdamedia
_aBez urządzenia pośredniczącego
_bn
338 _2rdacarrier
_aWolumin
_bnc
380 _aKsiążki
388 _a1901-2000
388 _a1989-2000
490 1 _aMonografia / Politechnika Krakowska im. Tadeusza Kościuszki. Inżynieria Lądowa,
_x0860-097X.
500 _aNumeracja serii gł.: 194.
504 _aBibliogr., summ. przy ref.
600 1 4 _aCiesielski, Roman
_d(1924-2004)
650 4 _aKonstrukcje
650 4 _aMechanika budowli
650 4 _aMechanika stosowana
655 4 _aKsięga pamiątkowa
655 4 _aMateriały konferencyjne
658 _aInżynieria i technika
658 _aArchitektura i budownictwo
700 1 _aKawecki, Janusz
_d(1943- )
_eRedakcja
710 2 _aPolitechnika Krakowska im. Tadeusza Kościuszki
830 0 _aMonografia - Politechnika Krakowska im. Tadeusza Kościuszki.
_pInżynieria Lądowa
830 0 _aMonografia - Politechnika Krakowska im. Tadeusza Kościuszki,
_v194.
856 _uhttp://koha.tu.koszalin.pl/cgi-bin/koha/opac-detail.pl?biblionumber=30705
_yKatalog online BPK
942 _2UKD
_cKS
999 _c30705
_d30705